| 000 | 00452nam a22001817a 4500 | ||
|---|---|---|---|
| 005 | 20230526145932.0 | ||
| 008 | 230526b |||||||| |||| 00| 0 eng d | ||
| 020 | _a9781285418681 | ||
| 082 |
_a658.403 _bRAG-S |
||
| 100 | _aRagsdale,Cliff T | ||
| 245 | _aSpreadsheet Modeling & Decision Analysis | ||
| 250 | _a7th | ||
| 260 |
_aUSA _bCengage _c2015 |
||
| 300 | _a820 | ||
| 500 | _aIndex Include | ||
| 650 | _aElectronic Spreadsheets | ||
| 999 |
_c18536 _d18536 |
||